000 01004nam a2200253Ia 4500
003 OSt
005 20240725174848.0
008 130821s2012 ck gr spa
020 _a9789588366609
040 _cnuevo
_dAldemar Mondragón (modificó)
_bspa
_aCO-UdeC
_eAARC
041 0 0 _aspa
082 0 4 _a861.08
_bB446
100 1 _aBello, Andrés
_91111
_d1781-1865
245 1 0 _aAlocución a la poesía :
_bFragmento del poema "América" /
_cAndrés Bello.
260 3 _aMedellín :
_bEdiciones UNAULA,
_c2012.
300 _a87 p. ;
_c22 cm.
490 0 _aSerie Cuadernos de Cultura Latinoamericana ;
_v1
504 _aIncluye índice.
505 0 0 _aPresentación. Andrés Bello: Arquitecto de América -- Alocución a la poesía. Fragmentos de un poema titulado "América" - Resumen de la historia de Venezuela
650 0 4 _aLiteratura latina
_92186
650 1 4 _aPoesía hispanoamericana
_92643
710 2 _aUniversidad Autónoma Latinoamericana
_928059
942 _cBK
_e1
_mB446a
_2ddc
_h861.08
_n0
999 _c1849
_d1849